Management udržitelného rozvoje regionů, sídel a obcí
Gespeichert in:
| 1. Verfasser: | |
|---|---|
| Weitere Verfasser: | |
| Format: | Buch |
| Sprache: | Tschechisch |
| Veröffentlicht: |
Praha
ACADEMIA
2005
|
| Schlagworte: | |
| Tags: |
Keine Tags, Fügen Sie das erste Tag hinzu!
|
MARC
| LEADER | 00000nam$a2200000$$$4500 | ||
|---|---|---|---|
| 001 | 0029407 | ||
| 005 | 20221129082754.3 | ||
| 020 | |a 80-200-1201-X | ||
| 041 | 0 | |a cze | |
| 044 | |a CZ | ||
| 245 | 1 | 0 | |a Management udržitelného rozvoje regionů, sídel a obcí |c Václav Beran / Petr Dlask |
| 264 | 1 | |a Praha |b ACADEMIA |c 2005 | |
| 300 | |a 323 s. |e 1 CD-ROM | ||
| 610 | 2 | 0 | |a rozvoj trvalo udržateľný |
| 610 | 2 | 0 | |a rozvoj regionálny |
| 610 | 2 | 0 | |a rozvoj hospodársky |
| 610 | 2 | 0 | |a hospodárstvo regionálne |
| 610 | 2 | 0 | |a ekonomika regionálna |
| 610 | 2 | 0 | |a riadenie regionálne |
| 610 | 2 | 0 | |a stratégia investičná |
| 610 | 2 | 0 | |a vývoj regionálny |
| 100 | 1 | |a Beran, Václav | |
| 700 | 1 | |a Dlask, Petr | |